| 000 | 01197nam a22002657a 4500 | ||
|---|---|---|---|
| 005 | 20240530110523.0 | ||
| 008 | 160223s2010 ua g 000 0 ara d | ||
| 017 |
_82010/5972 _aمصر . دار الكتب المصرية |
||
| 020 | _a9789774799922 | ||
| 040 | _aEG-CaGPL | ||
| 082 | 0 | 4 |
_221 _a324.217 _bق/ج ح |
| 100 | 1 | _aجيرفازيو ، جينارو | |
| 245 | 1 | 2 |
_aالحركة الماركسية فى مصر ( 1967 - 1981 ) / _cتاليف و مراجعة جينارو جيرفازيو ؛ ترجمة بسمة محمد عبدالرحمن ، كارمينى كارتولانو |
| 250 | _aط1 | ||
| 260 |
_aالقاهرة : _bالمركز القومى للترجمة ، _c2010 . |
||
| 300 |
_a449 ص ؛ _c24 سم . |
||
| 490 |
_aالمشروع القومى للترجمة ؛ _v1604 |
||
| 650 | 0 | 4 |
_aالماركسية _zمصر |
| 650 | 0 | 4 |
_aاليمين و اليسار _xاحزاب سياسية |
| 651 | 0 | 4 |
_aمصر _xتاريخ _yالعصر الحديث _xانور السادات (1970 - 1981 ) |
| 700 | 0 |
_aبسمة محمد عبدالرحمن _eمترجم |
|
| 700 | 1 | _aكارتولانو ، كارمينى | |
| 942 |
_2ddc _cBK |
||
| 999 |
_c61938 _d61938 |
||